| 000 | 00895cam a22001811 4500 | ||
|---|---|---|---|
| 082 | 0 | 0 |
_a621.56 _bPRI _cL-8, P-26 |
| 100 | 1 |
_aPrilut︠s︡kiĭ, D. N. _941885 |
|
| 245 | 1 | 0 |
_aRefrigeration engineering; _ba source book of Soviet literature, 1923-1955. |
| 260 |
_aMoscow, _bState Publishing House for Books on Trade, _c1956 _a[i.e. Jerusalem, _bIsrael Program for Scientific Translations, _c1960; available from the Office of Technical Services, U.S. Dept. of Commerce, Washington] |
||
| 300 |
_a288 p. _c25 cm. |
||
| 500 | _aAdded t.p. in Russian. | ||
| 500 | _aAt head of title: Ministry of Commerce, USSR, and other agencies. | ||
| 500 | _aTranslation of [Bibliograficheskiĭ spravochnik po voprosam kholodilʹnoĭ tekhniki] | ||
| 526 |
_a0 _b0 _c0 _d621_560000000000000_PRI |
||
| 650 | 0 |
_aMCE _9379 |
|
| 650 | 0 |
_aRefrigeration and refrigerating machinery _xBibliography. _941886 |
|
| 942 |
_2ddc _cBK |
||
| 999 |
_c545904 _d545904 |
||